SIERRA GORDA DE QUERETARO (Registro nro. 68626)
[ vista simple ]
| 000 -CABECERA | |
|---|---|
| campo de control de longitud fija | 01012nam a22002417a 4500 |
| 003 - IDENTIFICADOR DEL NÚMERO DE CONTROL | |
| campo de control | BPGM |
| 008 - DATOS DE LONGITUD FIJA--INFORMACIÓN GENERAL | |
| campo de control de longitud fija | 260618n mx ao||g |||| 001 0 spa d |
| 040 ## - FUENTE DE LA CATALOGACIÓN | |
| Lengua de catalogación | spa |
| 041 ## - CÓDIGO DE LENGUA | |
| Código de lengua del texto/banda sonora o título independiente | spa |
| Código de lengua original | spa |
| 082 04 - NÚMERO DE LA CLASIFICACIÓN DECIMAL DEWEY | |
| Número de edición | 907 |
| Número de clasificación | N53 |
| 100 ## - ENTRADA PRINCIPAL--NOMBRE DE PERSONA | |
| Nombre de persona | NIETO RAMIREZ, JAIME |
| 245 ## - MENCIÓN DE TÍTULO | |
| Título | SIERRA GORDA DE QUERETARO |
| Resto del título | LA TIERRA Y EL HOMBRE |
| 250 ## - MENCIÓN DE EDICIÓN | |
| Mención de edición | PRIMERA EDICION |
| 260 ## - PUBLICACIÓN, DISTRIBUCIÓN, ETC. | |
| Lugar de publicación, distribución, etc. | MEXICO |
| Nombre del editor, distribuidor, etc. | UNIVERSIDAD AUTONOMA DE QUERETARO |
| 300 ## - DESCRIPCIÓN FÍSICA | |
| Extensión | 404 paginas |
| Dimensiones | 21.2 cm x 17 cm |
| 336 ## - TIPO DE CONTENIDO | |
| Fuente | rdacontent |
| Término de tipo de contenido | texto |
| Código de tipo de contenido | txt |
| 337 ## - TIPO DE MEDIO | |
| Fuente | rdamedia |
| Nombre/término del tipo de medio | sin mediación |
| Código del tipo de medio | n |
| 338 ## - TIPO DE SOPORTE | |
| Fuente | rdacarrier |
| Nombre/término del tipo de soporte | volumen |
| Código del tipo de soporte | nc |
| 505 ## - NOTA DE CONTENIDO CON FORMATO | |
| Nota de contenido con formato | es una obra que combina historia, geografía y antropología para mostrar la riqueza natural y cultural de la Sierra Gorda queretana. Presenta cómo el entorno físico montañas, ríos, bosques y cañones ha moldeado la vida de sus habitantes, desde comunidades indígenas hasta pobladores contemporáneos. |
| 650 ## - PUNTO DE ACCESO ADICIONAL DE MATERIA--TÉRMINO DE MATERIA | |
| Fuente del encabezamiento o término | GEOGRAFÍA E HISTORIA |
| 650 ## - PUNTO DE ACCESO ADICIONAL DE MATERIA--TÉRMINO DE MATERIA | |
| Fuente del encabezamiento o término | EDUCACIÓN, INVESTIGACIÓN, TEMAS RELACIONADOS |
| 942 ## - ELEMENTOS DE PUNTO DE ACCESO ADICIONAL (KOHA) | |
| Fuente del sistema de clasificación o colocación | Dewey Decimal Classification |
| Tipo de ítem Koha | Colección Querétaro |
| Estado de retiro | Estado de pérdida | Fuente del sistema de clasificación o colocación | Estado dañado | No para préstamo | Código de colección | Localización permanente | Ubicación/localización actual | Ubicación en estantería | Fecha de adquisición | Fuente de adquisición | Total de préstamos | Signatura topográfica completa | Fecha visto por última vez | Número de copia | Precio válido a partir de | Tipo de ítem Koha |
|---|---|---|---|---|---|---|---|---|---|---|---|---|---|---|---|---|
| Dewey Decimal Classification | Préstamo en Sala | Colecciones Especiales (Quéretaro, IQM, Idiomas, SEP, Inea.) | BIBLIOTECA PÚBLICA CENTRAL ESTATAL “FRANCISCO CERVANTES” | BIBLIOTECA PÚBLICA CENTRAL ESTATAL “FRANCISCO CERVANTES” | SALA QUERÉTARO ACCESO B PLANTA ALTA | 03/08/2013 | DONACIÓN | 907/N53 | 06/18/2026 | EJ 1 | 06/18/2026 | Colección Querétaro | ||||
| Dewey Decimal Classification | Préstamo en Sala | Colecciones Especiales (Quéretaro, IQM, Idiomas, SEP, Inea.) | BIBLIOTECA PÚBLICA CENTRAL ESTATAL “FRANCISCO CERVANTES” | BIBLIOTECA PÚBLICA CENTRAL ESTATAL “FRANCISCO CERVANTES” | SALA QUERÉTARO ACCESO B PLANTA ALTA | 03/08/2013 | DONACIÓN | 907/N53 | 06/18/2026 | EJ 2 | 06/18/2026 | Colección Querétaro |